Welcome to CU Library Online Public Access Catalogue (OPAC)

Purchasing principles and management (Record no. 5734)

MARC details
000 -LEADER
fixed length control field 00369nam a22001457a 4500
005 - DATE AND TIME OF LATEST TRANSACTION
control field 20250512160212.0
008 - FIXED-LENGTH DATA ELEMENTS--GENERAL INFORMATION
fixed length control field 250512b |||||||| |||| 00| 0 eng d
020 ## - INTERNATIONAL STANDARD BOOK NUMBER
International Standard Book Number 9780273603191
050 ## - LIBRARY OF CONGRESS CALL NUMBER
Classification number HF5437
Item number PUR
245 ## - TITLE STATEMENT
Title Purchasing principles and management
250 ## - EDITION STATEMENT
Edition statement 7th
260 ## - PUBLICATION, DISTRIBUTION, ETC.
Place of publication, distribution, etc. London
Name of publisher, distributor, etc. Pitman Publishing
Date of publication, distribution, etc. c1994
300 ## - PHYSICAL DESCRIPTION
Extent vii, 339p
942 ## - ADDED ENTRY ELEMENTS (KOHA)
Source of classification or shelving scheme Library of Congress Classification
Koha item type Books
Suppress in OPAC No
999 ## -
-- 5734
-- 5734
Holdings
Withdrawn status Lost status Source of classification or shelving scheme Damaged status Not for loan Collection Home library Current library Shelving location Date acquired Total checkouts Full call number Barcode Date last seen Copy number Price effective from Koha item type
    Library of Congress Classification     Non-fiction Undergraduate Library (Christ Temple) Undergraduate Library (Christ Temple) General stacks 05/12/2025   HF5437 PUR ulct00002338 05/12/2025 1 05/12/2025 Books
© 2023-2024 Copyright: Central University Libraries. All Rights Reserved | Created by: Mahone Tech Office